American transcendentalism : (Record no. 26899)
[ view plain ]
| 000 -LEADER | |
|---|---|
| fixed length control field | 01541cam a22003015a 4500 |
| 001 - CONTROL NUMBER | |
| control field | 15573103 |
| 005 - DATE AND TIME OF LATEST TRANSACTION | |
| control field | 20181029115525.0 |
| 008 - FIXED-LENGTH DATA ELEMENTS--GENERAL INFORMATION | |
| fixed length control field | 090102s2008 nyuaf frb 001 0 eng d |
| 010 ## - LIBRARY OF CONGRESS CONTROL NUMBER | |
| LC control number | 2008491248 |
| 020 ## - INTERNATIONAL STANDARD BOOK NUMBER | |
| International Standard Book Number | 0809016443 (pbk.) |
| 020 ## - INTERNATIONAL STANDARD BOOK NUMBER | |
| International Standard Book Number | 9780809016440 (pbk.) |
| 040 ## - CATALOGING SOURCE | |
| Original cataloging agency | DLC |
| Language of cataloging | eng |
| Transcribing agency | DLC |
| Modifying agency | DLC |
| -- | EG-ScBUE |
| 043 ## - GEOGRAPHIC AREA CODE | |
| Geographic area code | n-usn-- |
| 082 04 - DEWEY DECIMAL CLASSIFICATION NUMBER | |
| Classification number | 141.30973 |
| Item number | GUR |
| Edition number | 22 |
| 100 1# - MAIN ENTRY--PERSONAL NAME | |
| Personal name | Gura, Philip F., |
| Dates associated with a name | 1950- |
| 9 (RLIN) | 41836 |
| 245 10 - TITLE STATEMENT | |
| Title | American transcendentalism : |
| Remainder of title | a history / |
| Statement of responsibility, etc | Philip F. Gura. |
| 250 ## - EDITION STATEMENT | |
| Edition statement | 1st pbk. ed. |
| 260 ## - PUBLICATION, DISTRIBUTION, ETC. (IMPRINT) | |
| Place of publication, distribution, etc | New York : |
| Name of publisher, distributor, etc | Hill and Wang / Farrar, Straus and Giroux, |
| Date of publication, distribution, etc | 2008. |
| 300 ## - PHYSICAL DESCRIPTION | |
| Extent | xv, 365 p., [8] p. of plates : |
| Other physical details | ill. ; |
| Dimensions | 24 cm. |
| 504 ## - BIBLIOGRAPHY, ETC. NOTE | |
| Bibliography, etc | Includes bibliographical references (p. [307]-343) and index. |
| 505 ## - FORMATTED CONTENTS NOTE | |
| Formatted contents note | Introduction: locating the "like-minded" -- Searching the scriptures -- Reinvigorating a faith -- Transcendentalism emergent -- Religious combustion -- Centripetal forces and centrifugal motion -- Heaven on earth -- Varieties of transcendentalism -- Self and society -- The inward turn -- Free religion and the dream of a common humanity -- Toward the genteel tradition. |
| 520 ## - SUMMARY, ETC. | |
| Summary, etc | A comprehensive history of American transcendentalism which originated with a number of nineteenth-century intellectuals including Ralph Waldo Emerson, and examines their philosophical and religious roots in Europe and opposition to slavery. |
| 650 #7 - SUBJECT ADDED ENTRY--TOPICAL TERM | |
| Topical term or geographic name as entry element | Transcendentalism (New England) |
| Source of heading or term | BUEsh |
| 651 ## - SUBJECT ADDED ENTRY--GEOGRAPHIC NAME | |
| Source of heading or term | BUEsh |
| 653 ## - INDEX TERM--UNCONTROLLED | |
| Resource For college | Humanities: English |
| Arrived date list | October2018 |
| 655 ## - INDEX TERM--GENRE/FORM | |
| Form subdivision | Reading book |
| 942 ## - ADDED ENTRY ELEMENTS (KOHA) | |
| Source of classification or shelving scheme | Dewey Decimal Classification |
| Withdrawn status | Item status | Source of classification or shelving scheme | Damaged status | Not for loan | Vendor | Home library | Current library | Shelving location | Date acquired | Source of acquisition | Cost, normal purchase price | Total Checkouts | Full call number | Barcode | Date last seen | Date last borrowed | Koha item type |
|---|---|---|---|---|---|---|---|---|---|---|---|---|---|---|---|---|---|
| Dewey Decimal Classification | Baccah | Central Library | Central Library | Lower Floor | 29/10/2018 | Purchase | 550.00 | 2 | 141.30973 GUR | 000043667 | 11/01/2026 | 22/12/2025 | Book - Borrowing |